000 01759cam a2200409 i 4500
999 _c1723
_d1723
001 19578866
003 OSt
005 20230120145543.0
008 170331t20172017nyu c 000 1 eng
010 _a 2016051848
020 _a9780316305310 (hardcover)
040 _aDLC
_beng
_cDLC
_erda
_eKH8
_dDLC
042 _alcac
_apcc
082 0 0 _aFIC WHI
_223
084 _aJUV037000
_aJUV019000
_aJUV002270
_aJUV013050
_aJUV056000
_aJUV053000
_aJUV039060
_aJUV001000
_2bisacsh
100 1 _aWhite, Wade Albert,
_eauthor.
245 1 4 _aThe adventurer's guide to dragons (and why they keep biting me) /
_cWade Albert White ; illustrations by Mariano Epelbaum.
250 _aFirst Edition.
264 1 _aNew York :
_bLittle, Brown and Company,
_c2017.
264 4 _c©2017
300 _a373 pages ;
_c20 cm
336 _atext
_btxt
_2rdacontent
337 _aunmediated
_bn
_2rdamedia
338 _avolume
_bnc
_2rdacarrier
500 _aSequel to: The adventurer's guide to successful escapes.
520 _aAnne and her best friends Penelope and Hiro are tasked with an unwanted quest that could start a war between the Hierarchy and the dragon clan, and so to avoid disaster and save the world, the three friends must face dragon trials, defeat robots, and circumvent bureaucracy.
650 1 _aDragons
_vFiction.
650 1 _aRobots
_vFiction.
650 1 _aMagic
_vFiction.
650 1 _aAdventure and adventurers
_vFiction.
650 1 _aHumorous stories.
650 1 _aFantasy.
700 1 _aEpelbaum, Mariano,
_d1975-
_eillustrator.
906 _a7
_bcbc
_corignew
_d1
_eecip
_f20
_gy-gencatlg
942 _2ddc
_cFIC